Statistics for The Low End Theory - A Tribe Called Quest

Click here to take the quiz!

General Stats

  • This quiz has been taken 7 times
  • The average score is 10 of 14

Answer Stats

Track #Answer% Correct
2Buggin' Out
100%
9Check the Rhime
100%
4Butter
75%
10Everything is Fair
75%
1Excursions
75%
11Jazz (We've Got)
75%
3Rap Promoter
75%
12Skypager
75%
8The Infamous Date Rape
75%
14Scenario
50%
6Show Business
50%
5Verses from the Abstract
50%
7Vibes and Stuff
50%
13What?
50%

Score Distribution

Percentile by Number Answered

Percent of People with Each Score

Your Score History

You have not taken this quiz